000 00703nam a2200253 a 4500
001 000046237
003 DO-SdBNP
005 20230412121251.0
007 ta
008 150709s2009 dr 000 0 spa d
020 _a9789945068825
040 _aDO-SdBNP
_bspa
_cBNPHU
082 4 _222
100 _aGautier, Manuel Salvador,
_d1930-2021
_929016
245 1 0 _aSerenata /
_cManuel Salvador Gautier.
250 _a3ª ed.
260 _aSanto Domingo :
_bSantuario,
_c2009.
300 _a225 p. ;
_c23 cm.
490 1 _aSantuario
_v44
500 _aIncluye datos biográficos del autor en las solapas.
590 _aInventariado, 2022/BT
830 0 _aSantuario.
_n44
_974270
942 _2ddc
_cLBS1
999 _c45726
_d45726